00473 2200169 4500001002100000005001500021035002000036007000300056008004100059020001800100082000800118084001400126100001900140245004700159260005500206300004200261INLIS00000000000036720240314084455 a0010-0324000002ta240314 g 0 ind  a979-8073-49-5 a630 a630 MAH p0 aMahyuddin Syam1 aPulitbang Tanaman Pangan /cMahyuddin Syam bBadan Penelitian dan Pengembangan Pertanian,c1993 av, 151 hlm, :bilus, ;c15 cm x 21 cm